[Event "Chigorin Memorial 26th"]
[Site "St Petersburg"]
[Date "2018.10.29"]
[Round "3"]
[White "Patel, Palak"]
[Black "Khadzhiev, Valery"]
[Result "0-1"]
[WhiteElo "1672"]
[BlackElo "2087"]
[PlyCount "82"]
[EventDate "2018.10.27"]
[EventType "swiss"]
[EventRounds "9"]
[EventCountry "RUS"]
[SourceTitle "CBM 187 Extra"]
[Source "ChessBase"]
[SourceDate "2018.11.04"]
[SourceVersion "1"]
[SourceVersionDate "2018.11.04"]
[SourceQuality "1"]

1. Nf3 d5 2. d4 c6 3. e3 Bg4 4. c4 Bxf3 5. Qxf3 e6 6. Nc3 Nf6 7. Bd3 Be7 8. Bd2 0-0 9. g4 Nbd7 10. Qg3 dxc4 11. Bxc4 Nd5 12. h4 N7b6 13. Bb3 a5 14. a3 a4 15. Ba2 Nxc3 16. Bxc3 Nd5 17. Bd2 c5 18. g5 Qb6 19. Bc1 Qc6 20. 0-0 cxd4 21. e4 Nb6 22. Qd3 e5 23. Bd2 Qd7 24. Qg3 Bd6 25. Kg2 Kh8 26. Rac1 Qb5 27. Rb1 Qe2 28. Bb4 Bxb4 29. axb4 Qxe4+ 30. Kg1 Qf5 31. Rbe1 f6 32. Bb1 Qd7 33. f4 Nd5 34. fxe5 Ne3 35. Rf2 fxe5 36. Be4 Rxf2 37. Kxf2 Rf8+ 38. Kg1 Rf4 39. Bf3 g6 40. Re2 Nf5 41. Qh3 d3 0-1

[Event "World Amateur-ch U2000"]
[Site "Cagliari"]
[Date "2018.04.29"]
[Round "9"]
[White "Patel, Palak"]
[Black "Mallo, Danilo"]
[Result "1/2-1/2"]
[WhiteElo "1661"]
[BlackElo "1858"]
[PlyCount "126"]
[EventDate "2018.04.22"]
[EventType "swiss"]
[EventRounds "9"]
[EventCountry "ITA"]
[SourceTitle "CBM 184 Extra"]
[Source "ChessBase"]
[SourceDate "2018.06.28"]
[SourceVersion "1"]
[SourceVersionDate "2018.06.28"]
[SourceQuality "1"]

1. e4 c6 2. d4 d5 3. Nd2 dxe4 4. Nxe4 Bf5 5. Ng3 Bg6 6. h4 h6 7. Nf3 Nd7 8. Bd3 Bxd3 9. Qxd3 Ngf6 10. Bd2 e6 11. 0-0-0 Bd6 12. Ne4 Nxe4 13. Qxe4 Qc7 14. g3 Nf6 15. Qe2 Ng4 16. Ng5 Nf6 17. Ne4 Nxe4 18. Qxe4 0-0-0 19. Rhe1 Rhe8 20. Qg4 Rg8 21. c4 Qd7 22. Ba5 b6 23. Bc3 g6 24. Qf3 Qc7 25. Kb1 Rge8 26. b4 f5 27. c5 Bf8 28. Rd3 Bg7 29. Qd1 Rd5 30. Re2 Qb7 31. f4 bxc5 32. Qe1 cxb4 33. Bb2 Kd7 34. Rde3 Rd6 35. d5 Bc3 36. dxe6+ Kc8 37. Qc1 c5 38. e7 Bxb2 39. Kxb2 Qd5 40. Re5 Qd4+ 41. Kb1 Rd5 42. Qh1 Qd1+ 43. Qxd1 Rxd1+ 44. Kc2 Rd7 45. Rxc5+ Rc7 46. Rxc7+ Kxc7 47. Re6 Kd7 48. Rxg6 Rxe7 49. Rxh6 Rg7 50. Ra6 Rxg3 51. Rxa7+ Ke6 52. a3 Kd5 53. Re7 Kc4 54. a4 Rg2+ 55. Kb1 Kc3 56. Re3+ Kd4 57. Rh3 Rg8 58. h5 Rh8 59. Kb2 Ke4 60. Rh4 Kf3 61. Kb3 Kg3 62. Rh1 Kxf4 63. Kxb4 Kg5 1/2-1/2

[Event "Chigorin Memorial 25th"]
[Site "St Petersburg"]
[Date "2017.10.24"]
[Round "4"]
[White "Patel, Palak"]
[Black "Popovich, Alexey"]
[Result "1-0"]
[WhiteElo "1741"]
[BlackElo "2023"]
[PlyCount "99"]
[EventDate "2017.10.21"]
[EventType "swiss"]
[EventRounds "9"]
[EventCountry "RUS"]
[SourceTitle "CBM 181 Extra"]
[Source "ChessBase"]
[SourceDate "2017.12.12"]
[SourceVersion "1"]
[SourceVersionDate "2017.12.12"]
[SourceQuality "1"]

1. e4 c5 2. Nc3 d6 3. g3 Nc6 4. Bg2 Nf6 5. h3 e6 6. d3 Be7 7. f4 0-0 8. Nf3 d5 9. e5 Nd7 10. 0-0 Rb8 11. Ne2 d4 12. c4 b5 13. b3 bxc4 14. bxc4 f6 15. exf6 Bxf6 16. g4 g6 17. Ng3 Bb7 18. Ne4 Nb4 19. Re1 Bh4 20. Re2 e5 21. a3 Bxe4 22. Rxe4 Nc6 23. fxe5 Bg3 24. Bh6 Re8 25. Bg5 Qc7 26. e6 Nde5 27. e7 Nxe7 28. Nxe5 Bxe5 29. Qe2 Nc6 30. Re1 Re6 31. Bh6 Rbe8 32. Kh1 Qe7 33. Bf4 Qd6 34. Bh6 Nd8 35. Bg5 Nf7 36. Bh4 g5 37. Bg3 Kg7 38. Bf2 Kf6 39. Rf1 Bf4 40. Bg3 Rxe4 41. Bxe4 Kg7 42. Qf2 Rxe4 43. dxe4 Qe6 44. Bxf4 Qxe4+ 45. Kg1 gxf4 46. Re1 Qd3 47. Qxf4 Qxc4 48. g5 Qa6 49. Re7 Qg6 50. Qe5+ 1-0

[Event "IND-chT 31st"]
[Site "Cochin"]
[Date "2011.02.23"]
[Round "2"]
[White "Patel, Palak"]
[Black "Rathnakaran, Kantholi"]
[Result "0-1"]
[WhiteElo "1975"]
[BlackElo "2381"]
[PlyCount "78"]
[EventDate "2011.02.22"]
[EventType "team-swiss"]
[EventRounds "9"]
[EventCountry "IND"]
[SourceTitle "CBM 141 Extra"]
[Source "ChessBase"]
[SourceDate "2011.05.03"]
[SourceVersion "1"]
[SourceVersionDate "2011.05.03"]
[SourceQuality "1"]
[WhiteTeam "Swarnim Chess Guj"]
[BlackTeam "Indian Railways II"]
[WhiteTeamCountry "IND"]
[BlackTeamCountry "IND"]

1. d4 Nf6 2. Nf3 d6 3. e3 g6 4. Bd3 Bg7 5. 0-0 0-0 6. Re1 Nbd7 7. e4 e5 8. c3 Nh5 9. Na3 a6 10. Nc4 b5 11. Na5 c5 12. Nc6 Qe8 13. a4 bxa4 14. d5 Nb6 15. Bc2 f5 16. exf5 gxf5 17. Bxa4 Nxa4 18. Rxa4 Nf6 19. Bg5 Bd7 20. Bxf6 Bxf6 21. Qb3 Kh8 22. Qb7 e4 23. Nd2 Qc8 24. Qb6 Bxc6 25. dxc6 a5 26. Nc4 Ra6 27. Qb3 Qxc6 28. Rxa5 Rxa5 29. Nxa5 Qa8 30. Nc4 Rb8 31. Qc2 d5 32. Ne3 f4 33. Ng4 Bg7 34. h3 Qa2 35. Qd2 e3 36. fxe3 Rxb2 37. Qd3 Rxg2+ 38. Kh1 f3 39. Qf5 Rh2+ 0-1